header

The truth about testing (Record no. 75063)

MARC details
000 -LEADER
fixed length control field 01098nam a2200265Ia 4500
100 1# - MAIN ENTRY--AUTHOR NAME
Personal name Popham, W. James.
245 14 - TITLE STATEMENT
Title The truth about testing
260 ## - PUBLICATION, DISTRIBUTION, ETC. (IMPRINT)
Place of publication Alexandria, Va. :
Name of publisher Association for Supervision & Curriculum Development,
Year of publication 2001.
300 ## - PHYSICAL DESCRIPTION
Number of Pages 175 p.
650 #0 - SUBJECT ADDED ENTRY--TOPICAL TERM
Topical Term Educational tests and measurements
Topical Term Education
856 40 - ELECTRONIC LOCATION AND ACCESS
Uniform Resource Identifier http://site.ebrary.com/lib/rucke/Doc?id=10044769

No items available.

© 2026 Rongo University
Contact us: librarian | system librarian | Rongo university